<?xml version="1.0" encoding="UTF-8"?>
<record
    xmlns:xsi="http://www.w3.org/2001/XMLSchema-instance"
    xsi:schemaLocation="http://www.loc.gov/MARC21/slim http://www.loc.gov/standards/marcxml/schema/MARC21slim.xsd"
    xmlns="http://www.loc.gov/MARC21/slim">

  <leader>00294nam a2200121Ia 4500</leader>
  <controlfield tag="008">241002s9999    xx            000 0 und d</controlfield>
  <datafield tag="082" ind1=" " ind2=" ">
    <subfield code="a">962.053 GAM</subfield>
  </datafield>
  <datafield tag="100" ind1=" " ind2=" ">
    <subfield code="a">Gamal, Abdel Nasser</subfield>
  </datafield>
  <datafield tag="245" ind1=" " ind2="4">
    <subfield code="a">The Philosophy of the Revolution</subfield>
  </datafield>
  <datafield tag="260" ind1=" " ind2=" ">
    <subfield code="a">London:</subfield>
    <subfield code="c">1959</subfield>
  </datafield>
  <datafield tag="600" ind1=" " ind2=" ">
    <subfield code="a">History</subfield>
  </datafield>
  <datafield tag="942" ind1=" " ind2=" ">
    <subfield code="c">UC</subfield>
  </datafield>
  <datafield tag="952" ind1=" " ind2=" ">
    <subfield code="0">0</subfield>
    <subfield code="1">0</subfield>
    <subfield code="4">0</subfield>
    <subfield code="7">0</subfield>
    <subfield code="a">UITU</subfield>
    <subfield code="b">UITU</subfield>
    <subfield code="d">1994-01-01</subfield>
    <subfield code="l">1</subfield>
    <subfield code="o">962.053 GAM</subfield>
    <subfield code="p">UC610</subfield>
    <subfield code="r">2025-11-03 09:53:37</subfield>
    <subfield code="s">2025-10-31</subfield>
    <subfield code="w">2024-10-02</subfield>
    <subfield code="y">UC</subfield>
  </datafield>
  <datafield tag="999" ind1=" " ind2=" ">
    <subfield code="c">18937</subfield>
    <subfield code="d">18937</subfield>
  </datafield>
</record>
